| Tag |
First Indicator |
Second Indicator |
Subfields |
| LEADER |
00000cam a2200000 a 4500 |
| 001 |
in00001340521 |
| 005 |
20151006050827.0 |
| 008 |
960816s1996 ne a b 001 0 eng |
| 010 |
|
|
|a 96042141
|
| 020 |
|
|
|a 0444816232 (acid-free paper)
|
| 035 |
|
|
|a (OCoLC)35317898
|
| 035 |
|
|
|9 AHF1882AM
|
| 040 |
|
|
|a DLC
|c DLC
|d TXA
|d UtOrBLW
|
| 049 |
|
|
|a TXAM
|
| 050 |
0 |
0 |
|a QK725
|b .B47 1996
|
| 082 |
0 |
0 |
|a 581/.0724
|2 20
|
| 100 |
1 |
|
|a Bhojwani, S. S.
|q (Sant Saran)
|
| 245 |
1 |
0 |
|a Plant tissue culture :
|b theory and practice /
|c S.S. Bhojwani, M.K. Razdan.
|
| 250 |
|
|
|a Rev. ed.
|
| 264 |
|
1 |
|a Amsterdam ;
|a New York :
|b Elsevier,
|c 1996.
|
| 300 |
|
|
|a vii, 767 pages :
|b illustrations ;
|c 25 cm.
|
| 336 |
|
|
|a text
|b txt
|2 rdacontent
|
| 337 |
|
|
|a unmediated
|b n
|2 rdamedia
|
| 338 |
|
|
|a volume
|b nc
|2 rdacarrier
|
| 490 |
1 |
|
|a Studies in plant science ;
|v 5
|
| 500 |
|
|
|a Errata slip inserted.
|
| 504 |
|
|
|a Includes bibliographical references (pages 603-747) and index.
|
| 650 |
|
0 |
|a Plant tissue culture.
|
| 700 |
1 |
|
|a Razdan, M. K.
|
| 830 |
|
0 |
|a Studies in plant science ;
|v 5.
|
| 999 |
|
|
|a MARS
|
| 999 |
f |
f |
|s bade0120-b7d0-3f77-b96e-452613ef19ce
|i 7e39dbb3-0443-3491-b5da-9897d3918ff7
|t 0
|
| 952 |
f |
f |
|p ric
|a Texas A&M University
|b Rellis Campus
|c Joint Library Facility
|d Remote Storage
|t 0
|e QK725 .B47 1996
|h Library of Congress classification
|i unmediated -- volume
|m A14820806588
|
| 998 |
f |
f |
|a QK725 .B47 1996
|t 0
|l Remote Storage
|